[Event "Titled Tue 1st Jul Late"]
[Site "chess.com INT"]
[Date "2025.07.01"]
[Round "11"]
[White "Salinas Herrera, Pablo"]
[Black "Schmider, Niklas"]
[Result "1-0"]
[WhiteTitle "GM"]
[BlackTitle "IM"]
[WhiteElo "2447"]
[BlackElo "2421"]
[WhiteFideId "3407128"]
[BlackFideId "12993778"]
[EventDate "2025.07.01"]

1. d4 Nf6 2. Nf3 d5 3. Bf4 c5 4. e3 Nc6 5. Nbd2 Qb6 6. dxc5 Qxb2 7. Rb1 Qc3 8.
Bb5 e6 9. Rb3 Qxc5 10. c4 Bd6 11. Ne5 Bxe5 12. Bxe5 O-O 13. Bxc6 Qxc6 14. Bxf6
gxf6 15. e4 dxe4 16. Rg3+ Kh8 17. Qg4 1-0

[Event "Titled Tue 1st Jul Late"]
[Site "chess.com INT"]
[Date "2025.07.01"]
[Round "11"]
[White "Gerbelli Neto, Eduardo"]
[Black "Marichal Gonzalez, Ariel"]
[Result "1-0"]
[BlackTitle "IM"]
[WhiteElo "2114"]
[BlackElo "2268"]
[WhiteFideId "2103281"]
[BlackFideId "3503232"]
[EventDate "2025.07.01"]

1. e4 c6 2. d4 d5 3. exd5 cxd5 4. c4 Nf6 5. Nc3 e6 6. Nf3 Bb4 7. cxd5 Nxd5 8.
Qc2 Nc6 9. Bd3 Qb6 10. O-O Bxc3 11. bxc3 h6 12. Rb1 Qc7 13. Ba3 Bd7 14. c4 Nf4
15. Be4 Ne7 16. Rxb7 Qc8 17. Bxe7 Kxe7 18. Ne5 Rd8 19. Nc6+ Kf8 20. Nxd8 Qxd8
21. Rxd7 1-0

[Event "Titled Tue 1st Jul Late"]
[Site "chess.com INT"]
[Date "2025.07.01"]
[Round "11"]
[White "Alvarado, Carlos"]
[Black "Mecit, Emre"]
[Result "0-1"]
[WhiteTitle "CM"]
[WhiteElo "2032"]
[BlackElo "2007"]
[WhiteFideId "3800555"]
[BlackFideId "6304214"]
[EventDate "2025.07.01"]

1. Nf3 Nf6 2. d4 g6 3. Bg5 Bg7 4. Nbd2 c5 5. c3 cxd4 6. cxd4 O-O 7. e3 Nc6 8. a3
d6 9. Bd3 h6 10. Bh4 e5 11. O-O Re8 12. dxe5 dxe5 13. Ne4 g5 14. Nfxg5 Nxe4 15.
Nf3 Ng5 16. Kh1 e4 17. Nxg5 hxg5 18. Bxe4 Qxd1 19. Rfxd1 gxh4 20. Bxc6 bxc6 21.
Rab1 Be6 22. b4 Rad8 23. f3 Rd5 24. e4 Rxd1+ 25. Rxd1 h3 26. g4 Be5 27. Kg1 Kf8 0-1

[Event "Titled Tue 1st Jul Late"]
[Site "chess.com INT"]
[Date "2025.07.01"]
[Round "11"]
[White "Kochetkov, German"]
[Black "Vihaan Karthikeya N"]
[Result "1-0"]
[WhiteTitle "IM"]
[WhiteElo "2277"]
[BlackElo "2179"]
[WhiteFideId "13500635"]
[BlackFideId "25950673"]
[EventDate "2025.07.01"]

1. f4 e5 2. fxe5 d6 3. exd6 Bxd6 4. Nf3 Nf6 5. Nc3 O-O 6. e4 Bg4 7. Be2 Re8 8.
d3 Nc6 9. O-O Bc5+ 10. Kh1 Bxf3 11. Bxf3 Nd4 12. Bg5 h6 13. Bh4 g5 14. Bg3 Bd6
15. Bf2 Nc6 16. d4 Bb4 17. e5 Bxc3 18. bxc3 Nd5 19. c4 Nf4 20. c3 Qe7 21. Bg3
Ng6 22. Rb1 Rad8 23. Bd5 Rf8 24. Rxb7 Na5 25. Rxa7 1-0

[Event "Titled Tue 1st Jul Late"]
[Site "chess.com INT"]
[Date "2025.07.01"]
[Round "11"]
[White "Jing, Andrew"]
[Black "Gustafsson, Jan"]
[Result "1-0"]
[WhiteTitle "FM"]
[BlackTitle "GM"]
[WhiteElo "2292"]
[BlackElo "2591"]
[WhiteFideId "30984076"]
[BlackFideId "4625498"]
[EventDate "2025.07.01"]

1. e4 e5 2. Nf3 Nc6 3. Bb5 a6 4. Ba4 Nf6 5. O-O Bc5 6. d3 d6 7. c3 O-O 8. h3 Ne7
9. d4 Ba7 10. Bc2 Ng6 11. Re1 Re8 12. a4 Bd7 13. Be3 exd4 14. Bxd4 c5 15. Bxf6
Qxf6 16. Nbd2 Bc6 17. Nf1 d5 18. exd5 Rxe1 19. Qxe1 Bxd5 20. N3d2 Nf4 21. Ne3
Qg5 22. Be4 Nxh3+ 23. Kf1 Bxe4 24. Nxe4 Qg6 25. Nd5 Qh5 26. Nef6+ 1-0

[Event "Titled Tue 1st Jul Late"]
[Site "chess.com INT"]
[Date "2025.07.01"]
[Round "11"]
[White "Manvelyan, Mikayel"]
[Black "Naroditsky, Daniel"]
[Result "0-1"]
[WhiteTitle "FM"]
[BlackTitle "GM"]
[WhiteElo "2362"]
[BlackElo "2619"]
[WhiteFideId "13310143"]
[BlackFideId "2026961"]
[EventDate "2025.07.01"]

1. e4 Nf6 2. e5 Nd5 3. Nf3 d6 4. d4 dxe5 5. Nxe5 c6 6. Bc4 Nd7 7. Nf3 N7f6 8.
O-O Bg4 9. Re1 e6 10. c3 Bd6 11. Nbd2 O-O 12. Nf1 c5 13. dxc5 Bxc5 14. h3 Qb6
15. Qe2 Bh5 16. Ng3 Rac8 17. Nxh5 Nxh5 18. Bxd5 Ng3 19. Qc2 exd5 20. Be3 Bxe3
21. Rxe3 Ne4 22. Qd3 Qxb2 23. Rf1 Qxa2 24. Qd4 h6 25. Ne5 Rfe8 26. f3 Ng3 27.
Rf2 Qb1+ 28. Kh2 Nf5 29. Qxd5 Nxe3 30. Qxf7+ Kh7 31. Rb2 Qf5 0-1

[Event "Titled Tue 1st Jul Late"]
[Site "chess.com INT"]
[Date "2025.07.01"]
[Round "11"]
[White "Linares Orellana, Hector Jose"]
[Black "Angulo Perez, Sebastian"]
[Result "0-1"]
[WhiteTitle "FM"]
[BlackTitle "CM"]
[WhiteElo "2111"]
[BlackElo "2025"]
[WhiteFideId "7304307"]
[BlackFideId "6544045"]
[EventDate "2025.07.01"]

1. e4 c6 2. d4 d5 3. exd5 cxd5 4. Bd3 Nc6 5. c3 Nf6 6. Bf4 Bg4 7. Qb3 Na5 8. Qc2
e6 9. Nd2 Bd6 10. Bxd6 Qxd6 11. Ngf3 Nc6 12. O-O Rc8 13. a3 O-O 14. Rae1 Bh5 15.
Qb1 Bg6 16. Ne5 Bxd3 17. Qxd3 Nd7 18. f4 f6 19. Nxd7 Qxd7 20. Rf3 Rce8 21. Rh3
g6 22. Rg3 Ne7 23. h4 Nf5 24. Rh3 Ng7 25. g4 e5 26. Qg3 exf4 27. Qf2 Qxg4+ 28.
Kh2 Rxe1 29. Qxe1 Re8 0-1

[Event "Titled Tue 1st Jul Late"]
[Site "chess.com INT"]
[Date "2025.07.01"]
[Round "11"]
[White "Milare, Tyron"]
[Black "Miserendino, Alfredo"]
[Result "1-0"]
[WhiteTitle "FM"]
[WhiteElo "2248"]
[BlackElo "2032"]
[WhiteFideId "12987018"]
[BlackFideId "101800"]
[EventDate "2025.07.01"]

1. d4 c5 2. c3 Nf6 3. Nf3 e6 4. g3 Be7 5. Bg2 O-O 6. dxc5 Bxc5 7. Bg5 Bxf2+ 8.
Kf1 Bb6 9. e4 h6 10. Bh4 g5 11. Nxg5 hxg5 12. Bxg5 Kg7 13. e5 Nd5 14. Qg4 f6 15.
Bxf6+ Kf7 16. Qh5+ Kg8 17. Qg6# 1-0

[Event "Titled Tue 1st Jul Late"]
[Site "chess.com INT"]
[Date "2025.07.01"]
[Round "11"]
[White "Tan, Zhongyi"]
[Black "Vijayakumar, Rishi"]
[Result "1-0"]
[WhiteTitle "GM"]
[BlackTitle "FM"]
[WhiteElo "2546"]
[BlackElo "2333"]
[WhiteFideId "8603642"]
[BlackFideId "2408953"]
[EventDate "2025.07.01"]

1. e4 e5 2. Nf3 Nc6 3. Bb5 a6 4. Ba4 Nf6 5. O-O b5 6. Bb3 Bc5 7. c3 d6 8. d4 Bb6
9. h3 Bb7 10. Re1 O-O 11. a3 Re8 12. Bc2 exd4 13. cxd4 d5 14. e5 Ne4 15. Nc3
Nxc3 16. bxc3 Ne7 17. Ng5 Ng6 18. Qh5 Qe7 19. Bxg6 hxg6 20. Qh7+ Kf8 21. Qh8# 1-0

[Event "Titled Tue 1st Jul Late"]
[Site "chess.com INT"]
[Date "2025.07.01"]
[Round "11"]
[White "Aalto, Patrik"]
[Black "Korchynskyi, Mykola"]
[Result "0-1"]
[WhiteTitle "FM"]
[BlackTitle "FM"]
[WhiteElo "2316"]
[BlackElo "2335"]
[WhiteFideId "510726"]
[BlackFideId "34138005"]
[EventDate "2025.07.01"]

1. c4 e6 2. Nf3 d5 3. g3 Nf6 4. Bg2 Be7 5. O-O O-O 6. b3 c5 7. cxd5 exd5 8. d4
b6 9. Bb2 Bb7 10. Nc3 Nbd7 11. Rc1 Rc8 12. dxc5 bxc5 13. e3 Re8 14. Nh4 Ne5 15.
Nf5 Bf8 16. Na4 Ba6 17. Re1 Nd3 18. Bf1 c4 19. Bxd3 cxd3 20. Rxc8 Qxc8 21. Nh6+
gxh6 22. Bxf6 Qf5 23. Bc3 Bb7 24. Bd4 Bb4 25. Rf1 Ba6 26. f3 d2 27. Rf2 Rc8 28.
Rxd2 Bxd2 29. Qxd2 Qb1+ 0-1

[Event "Titled Tue 1st Jul Late"]
[Site "chess.com INT"]
[Date "2025.07.01"]
[Round "11"]
[White "Tekeyev, Zaur"]
[Black "Motola, Jacopo"]
[Result "1-0"]
[WhiteTitle "IM"]
[BlackTitle "FM"]
[WhiteElo "2407"]
[BlackElo "2330"]
[WhiteFideId "4199731"]
[BlackFideId "863190"]
[EventDate "2025.07.01"]

1. Nf3 d5 2. g3 Bg4 3. Ne5 Bf5 4. c4 Nd7 5. Nxd7 Qxd7 6. Bg2 c6 7. cxd5 cxd5 8.
Qb3 e6 9. Nc3 Nf6 10. d3 Be7 11. e4 dxe4 12. dxe4 Bg6 13. O-O e5 14. Rd1 Qc6 15.
Nd5 Nxd5 16. exd5 Qd6 17. Qxb7 O-O 18. Be3 Rab8 19. Qxa7 Rxb2 20. a4 f5 21. Rac1
Be8 22. Bc5 1-0

[Event "Titled Tue 1st Jul Late"]
[Site "chess.com INT"]
[Date "2025.07.01"]
[Round "11"]
[White "Yatskar, Martin"]
[Black "Mikhalsky, Vladimir"]
[Result "0-1"]
[WhiteTitle "CM"]
[WhiteElo "2225"]
[BlackElo "2219"]
[WhiteFideId "34109676"]
[BlackFideId "14144352"]
[EventDate "2025.07.01"]

1. d4 Nf6 2. c4 g6 3. Nc3 Bg7 4. Nf3 O-O 5. g3 d6 6. Bg2 Nbd7 7. O-O e5 8. e4
Re8 9. Re1 c6 10. h3 a5 11. b3 exd4 12. Nxd4 Nc5 13. Bf4 a4 14. b4 Ne6 15. Be3
a3 16. Qd3 c5 17. Nxe6 Bxe6 18. bxc5 dxc5 19. Qxd8 Rexd8 20. Rac1 Bxc4 21. Bxc5
Nd7 22. Bb4 Ne5 23. Rb1 Nd3 24. Red1 Nxb4 25. Rxd8+ Rxd8 26. Rxb4 b5 27. Nxb5
Bxa2 28. Nxa3 Bf8 29. Ra4 Rd2 30. Nc4 Rd1+ 31. Kh2 Bb3 32. Ne3 Bxa4 33. Nxd1
Bxd1 34. g4 Bd6+ 35. Kg1 g5 36. f3 Bg3 37. Kf1 Kg7 38. Kg1 Kf6 39. Bh1 Ke5 40.
Bg2 Kf4 41. Bh1 Bxf3 0-1

[Event "Titled Tue 1st Jul Late"]
[Site "chess.com INT"]
[Date "2025.07.01"]
[Round "11"]
[White "Diano, Eden"]
[Black "Unver, Cumayi"]
[Result "1-0"]
[WhiteElo "2086"]
[BlackElo "2012"]
[WhiteFideId "5203708"]
[BlackFideId "6304940"]
[EventDate "2025.07.01"]

1. d4 e6 2. c4 c5 3. d5 exd5 4. cxd5 d6 5. Nc3 Nf6 6. e4 a6 7. a4 g6 8. f4 Bg7
9. Nf3 O-O 10. Bd3 Re8 11. O-O Bg4 12. h3 Bxf3 13. Qxf3 Nbd7 14. a5 b5 15. axb6
Qxb6 16. Kh1 h5 17. Re1 Qb4 18. Ra4 Qb3 19. Qf2 Nxe4 20. Raxe4 Rxe4 21. Rxe4
Bxc3 22. Bc2 Qxd5 23. bxc3 Nf6 24. Re1 a5 25. f5 gxf5 26. Bxf5 a4 27. Bg5 1-0

[Event "Titled Tue 1st Jul Late"]
[Site "chess.com INT"]
[Date "2025.07.01"]
[Round "11"]
[White "Tikhonov, Viacheslav"]
[Black "Abdurakhmonov, Mukhammadali"]
[Result "0-1"]
[WhiteTitle "CM"]
[BlackTitle "IM"]
[WhiteElo "2183"]
[BlackElo "2348"]
[WhiteFideId "44196407"]
[BlackFideId "14207346"]
[EventDate "2025.07.01"]

1. e4 e6 2. d4 d5 3. Bd3 dxe4 4. Bxe4 Nf6 5. Bf3 c5 6. Ne2 Nc6 7. Be3 Nd5 8.
Bxd5 Qxd5 9. Nbc3 Qxg2 10. Rg1 Qxh2 11. Bf4 Qh5 12. Nb5 cxd4 13. Nc7+ Kd8 14.
Nxd4 Qxd1+ 15. Rxd1 e5 16. Ndb5+ Ke7 17. Bg5+ f6 18. Nxa8 fxg5 19. Rxg5 Kf6 20.
Rg3 Bf5 21. c3 h5 22. Nac7 h4 23. Nd5+ Kf7 24. Rg5 g6 25. Ke2 h3 26. f3 a6 27.
Nbc7 Bc5 28. Rh1 h2 29. Rg2 Bg1 30. Kf1 Bh3 31. c4 Nd4 32. b3 Nxf3 0-1

[Event "Titled Tue 1st Jul Late"]
[Site "chess.com INT"]
[Date "2025.07.01"]
[Round "11"]
[White "Faryma, Matviy"]
[Black "Neklyudov, Viacheslav I."]
[Result "0-1"]
[BlackTitle "IM"]
[WhiteElo "2230"]
[BlackElo "2432"]
[WhiteFideId "1961578"]
[BlackFideId "4125703"]
[EventDate "2025.07.01"]

1. g3 d5 2. Bg2 c6 3. c4 Nf6 4. cxd5 cxd5 5. Qb3 Nc6 6. Nf3 e5 7. d3 Bc5 8. Qb5
Bb4+ 9. Bd2 Bxd2+ 10. Nbxd2 O-O 11. O-O e4 12. Ng5 Nd4 13. Qc5 Nxe2+ 14. Kh1
exd3 15. Qe3 Bf5 16. Qf3 Bg6 17. Nh3 Ne4 18. Rad1 Re8 19. Nf4 Nxd2 20. Rxd2 Be4
21. Qg4 Nxf4 22. Qxf4 Qf6 23. Qxf6 gxf6 24. Kg1 Rac8 25. f3 Bg6 26. Rfd1 Re2 27.
Bf1 Rxd2 28. Rxd2 Rc2 29. Rd1 d2 30. Kf2 Rxb2 31. a4 d4 32. g4 Bb1 33. Bc4 Ba2
34. Bd3 Bb3 35. Ke2 Bxd1+ 36. Kxd1 h6 37. Bc2 Rxc2 38. Kxc2 b6 39. Kxd2 a6 40.
Kd3 Kg7 41. Kxd4 Kg6 42. h4 h5 43. Ke4 f5+ 44. gxf5+ Kf6 45. f4 b5 46. axb5 axb5
47. Kd4 Kxf5 48. Kd5 Kxf4 49. Kc5 Kg3 50. Kxb5 f5 51. Kc4 f4 52. Kd5 f3 53. Ke5
f2 54. Kf5 f1=Q+ 55. Kg5 Qb5+ 56. Kg6 Kxh4 57. Kh6 Kg4 58. Kg7 Qb6 59. Kf7 Kf5
60. Ke7 Qb7+ 61. Ke8 Kf6 62. Kd8 Ke6 63. Ke8 Qb8# 0-1

[Event "Titled Tue 1st Jul Late"]
[Site "chess.com INT"]
[Date "2025.07.01"]
[Round "11"]
[White "Gutierrez Carmona, Juan Alejandro"]
[Black "Cuevas Araya, Walter"]
[Result "0-1"]
[WhiteTitle "FM"]
[BlackTitle "FM"]
[WhiteElo "2036"]
[BlackElo "2052"]
[WhiteFideId "5106770"]
[BlackFideId "3405028"]
[EventDate "2025.07.01"]

1. d4 e5 2. dxe5 Nc6 3. Nf3 Qe7 4. Bf4 f6 5. exf6 Qxf6 6. Bc1 Bc5 7. Nc3 d6 8.
Ne4 Bb4+ 9. c3 Qe7 10. Qd3 Ba5 11. Bg5 Nf6 12. Nxf6+ gxf6 13. Bf4 Be6 14. e3
O-O-O 15. O-O-O Ne5 16. Qe2 Bxa2 17. b4 Bc4 18. Qb2 Bxf1 19. Rhxf1 Bb6 20. Nd4
Rhg8 21. Bg3 Nc4 22. Qb3 d5 23. Nf5 Qe4 24. Nh6 Rg7 25. h3 Nxe3 26. fxe3 Bxe3+
27. Kb2 Bxh6 28. Rxf6 Rxg3 29. Rxh6 Rxg2+ 30. Ka3 c6 31. Qb2 Rxb2 0-1

[Event "Titled Tue 1st Jul Late"]
[Site "chess.com INT"]
[Date "2025.07.01"]
[Round "11"]
[White "Ragger, Markus"]
[Black "Villa Tornero, Alex"]
[Result "1-0"]
[WhiteTitle "GM"]
[BlackTitle "FM"]
[WhiteElo "2566"]
[BlackElo "2211"]
[WhiteFideId "1610856"]
[BlackFideId "54501091"]
[EventDate "2025.07.01"]

1. d4 Nf6 2. c4 c5 3. d5 e6 4. Nc3 exd5 5. cxd5 d6 6. Nf3 g6 7. Bf4 Bg7 8. e3
O-O 9. h3 Na6 10. Bxa6 bxa6 11. O-O Rb8 12. Nd2 Rxb2 13. Nc4 Rb4 14. Qd3 Bf5 15.
e4 Nxe4 16. Nxe4 Qh4 17. g3 Qxh3 18. Ncxd6 Bxa1 19. Rxa1 Rd4 20. Nf6+ Kh8 21.
Qe3 Re4 22. Ndxe4 1-0

[Event "Titled Tue 1st Jul Late"]
[Site "chess.com INT"]
[Date "2025.07.01"]
[Round "11"]
[White "Hauge, Lars Oskar"]
[Black "Holinka, Henning"]
[Result "1-0"]
[WhiteTitle "GM"]
[BlackTitle "FM"]
[WhiteElo "2462"]
[BlackElo "2303"]
[WhiteFideId "1509276"]
[BlackFideId "12967084"]
[EventDate "2025.07.01"]

1. f4 b6 2. e4 Bb7 3. Nc3 e6 4. Nf3 Bb4 5. Qe2 Nf6 6. e5 Nd5 7. Nxd5 Bxd5 8. g3
f6 9. Bg2 fxe5 10. Nxe5 O-O 11. Bxd5 exd5 12. O-O Bc5+ 13. Kg2 Qe7 14. Qd3 Qe6
15. b3 d6 16. Nf3 Qe4 17. Qxe4 dxe4 18. Ng5 Re8 19. f5 Nc6 20. Bb2 Bd4 21. Bxd4
Nxd4 22. c3 Nb5 23. a4 e3 24. axb5 exd2 25. Rad1 Re2+ 26. Rf2 Re1 27. Rdxd2 Rb1
28. b4 Rb3 29. Rd3 Rf8 30. Ne6 Rf7 31. Nd8 Rd7 32. Nc6 Ra3 33. Re2 Kf7 34. g4
Kf6 35. h4 h6 36. Re6+ 1-0

[Event "Titled Tue 1st Jul Late"]
[Site "chess.com INT"]
[Date "2025.07.01"]
[Round "11"]
[White "Papacek, Stepan"]
[Black "Pica, Eleni"]
[Result "1-0"]
[WhiteTitle "FM"]
[BlackTitle "WCM"]
[WhiteElo "2225"]
[BlackElo "1686"]
[WhiteFideId "301035"]
[BlackFideId "5910005"]
[EventDate "2025.07.01"]

1. e4 c5 2. c3 e6 3. d4 d5 4. e5 cxd4 5. cxd4 Nc6 6. Nf3 Bb4+ 7. Nc3 Nge7 8. Bd3
O-O 9. Bxh7+ Kxh7 10. Ng5+ Kg8 11. Qh5 Re8 12. Qxf7+ Kh8 13. Qh5+ Kg8 14. Qf7+
Kh8 15. Qh5+ Kg8 16. Qh7+ Kf8 17. O-O Nxd4 18. Rd1 Bxc3 19. bxc3 Ne2+ 20. Kh1
Nxc3 21. Rd3 Ne2 22. Qh8+ Ng8 23. Rf3+ Ke7 24. Qxg7# 1-0

[Event "Titled Tue 1st Jul Late"]
[Site "chess.com INT"]
[Date "2025.07.01"]
[Round "11"]
[White "Ambartsumova, Karina"]
[Black "Terletsky, Oleg"]
[Result "1-0"]
[WhiteTitle "IM"]
[BlackTitle "IM"]
[WhiteElo "2403"]
[BlackElo "2160"]
[WhiteFideId "4166299"]
[BlackFideId "14116774"]
[EventDate "2025.07.01"]

1. Nf3 Nf6 2. c4 g6 3. d4 Bg7 4. Nc3 O-O 5. g3 d6 6. Bg2 Nbd7 7. O-O e5 8. e4
exd4 9. Nxd4 Re8 10. h3 Nc5 11. Re1 Bd7 12. Kh2 a5 13. f3 h5 14. Be3 h4 15. g4
Nh7 16. Qd2 g5 17. Rad1 Be5+ 18. Kh1 f6 19. Rf1 Ne6 20. Nxe6 Bxe6 21. b3 Kg7 22.
Ne2 a4 23. f4 gxf4 24. Nxf4 Bxf4 25. Bxf4 axb3 26. axb3 Ra3 27. Qb2 Qa8 28. g5
Ra2 29. gxf6+ Nxf6 30. Bh6+ Kxh6 31. Qxf6+ Kh7 32. Qxh4+ Kg8 33. Qg5+ 1-0

[Event "Titled Tue 1st Jul Late"]
[Site "chess.com INT"]
[Date "2025.07.01"]
[Round "11"]
[White "Ismayilova, Khanim"]
[Black "Danzer, George"]
[Result "1-0"]
[WhiteTitle "WCM"]
[BlackTitle "CM"]
[WhiteElo "1971"]
[BlackElo "2172"]
[WhiteFideId "13429019"]
[BlackFideId "4659465"]
[EventDate "2025.07.01"]

1. e4 c5 2. c3 Nf6 3. e5 Nd5 4. d4 cxd4 5. Nf3 e6 6. cxd4 d6 7. Bc4 Be7 8. O-O
O-O 9. Qe2 Nc6 10. Nc3 Nxc3 11. bxc3 dxe5 12. dxe5 Qc7 13. Bd3 b6 14. Qe4 g6 15.
Bh6 Rd8 16. Rfd1 Bb7 17. Qf4 Rac8 18. h4 Nxe5 19. Qxe5 Qxc3 20. Qxc3 Rxc3 21.
Be2 Bxf3 22. Bxf3 Bxh4 23. Rxd8+ Bxd8 24. Rd1 Bf6 25. Rd7 Rc8 26. Rxa7 Bg7 27.
Bxg7 Kxg7 28. a4 Rc1+ 29. Kh2 Rc2 30. Kg3 h5 31. Rb7 Ra2 32. Bc6 g5 33. Rxb6 h4+
34. Kg4 Rxf2 35. Kxg5 1-0

[Event "Titled Tue 1st Jul Late"]
[Site "chess.com INT"]
[Date "2025.07.01"]
[Round "11"]
[White "Shuvalova, Polina"]
[Black "Colville, Julian"]
[Result "1-0"]
[WhiteTitle "IM"]
[BlackTitle "FM"]
[WhiteElo "2480"]
[BlackElo "2268"]
[WhiteFideId "24171760"]
[BlackFideId "30963273"]
[EventDate "2025.07.01"]

1. e4 e5 2. Nf3 d5 3. Nc3 Nf6 4. exd5 e4 5. Qe2 Bb4 6. Nxe4 O-O 7. Nxf6+ Qxf6 8.
c3 Na6 9. d4 Bf5 10. Be3 Rfe8 11. Qd2 Bd6 12. Bd3 Bg4 13. Be2 Rad8 14. h3 Bf5
15. O-O-O h6 16. g4 Be4 17. g5 Qf5 18. gxh6 Bxf3 19. Bxf3 Qxf3 20. hxg7 Qxd5 21.
Kb1 c5 22. Rdg1 f5 23. Ka1 Qf3 24. Qc2 f4 25. Qb3+ Kh7 26. g8=Q+ Rxg8 27. Qf7+
Kh8 28. Qf6+ Kh7 29. Qh4+ 1-0

[Event "Titled Tue 1st Jul Late"]
[Site "chess.com INT"]
[Date "2025.07.01"]
[Round "11"]
[White "Deichmann, Esteban Horacio"]
[Black "Zakin, Ilay"]
[Result "1-0"]
[BlackTitle "FM"]
[WhiteElo "2103"]
[BlackElo "2300"]
[WhiteFideId "167410"]
[BlackFideId "2848279"]
[EventDate "2025.07.01"]

1. e4 e5 2. Nf3 d5 3. exd5 Nf6 4. Nc3 e4 5. Qe2 Be7 6. Nxe4 O-O 7. d3 Nxd5 8.
Be3 c5 9. g3 Nc6 10. Bg2 f5 11. Ned2 f4 12. gxf4 Nxf4 13. Bxf4 Rxf4 14. O-O-O
Qa5 15. Kb1 Bg4 16. h3 Bh5 17. Nb3 Qa6 18. Qe6+ Bf7 19. Qe3 Ra4 20. a3 Re8 21.
Rhe1 c4 22. dxc4 Bxa3 23. Qxe8+ Bxe8 24. Rxe8+ Bf8 25. Ne5 Nxe5 26. Bd5+ Nf7 27.
Rde1 Qd6 28. R1e6 Qd7 29. Nc5 Qc7 30. Nxa4 Qa5 31. R6e7 h6 32. Rxf7 Kh7 33. Be4+
Kg8 34. Rfxf8# 1-0

[Event "Titled Tue 1st Jul Late"]
[Site "chess.com INT"]
[Date "2025.07.01"]
[Round "11"]
[White "Estrada Nieto, Julian"]
[Black "Titichoca Daza, Daniel"]
[Result "1-0"]
[WhiteTitle "IM"]
[BlackTitle "CM"]
[WhiteElo "2181"]
[BlackElo "2126"]
[WhiteFideId "5101018"]
[BlackFideId "3309550"]
[EventDate "2025.07.01"]

1. e4 c5 2. Nf3 d6 3. Bb5+ Bd7 4. Bxd7+ Qxd7 5. O-O Nf6 6. Qe2 e6 7. c3 Nc6 8.
d4 cxd4 9. cxd4 d5 10. e5 Ne4 11. Nbd2 Nxd2 12. Bxd2 Be7 13. g3 O-O 14. Kg2 Rac8
15. h4 f5 16. exf6 Bxf6 17. Bc3 Ne7 18. Bb4 Rc4 19. Bxe7 Qxe7 20. Rad1 Rfc8 21.
Rd2 R8c6 22. Re1 Qb4 23. Qe3 Qa5 24. g4 g6 25. h5 Qa6 26. hxg6 Rc1 27. Qh6 Bg7
28. Qxh7+ Kf8 29. Qh4 Qb6 30. Rde2 Rxe1 31. Rxe1 Rc2 32. Ne5 Qxd4 33. Qd8# 1-0

[Event "Titled Tue 1st Jul Late"]
[Site "chess.com INT"]
[Date "2025.07.01"]
[Round "11"]
[White "Albertini, Luca"]
[Black "Omariev, Maksim"]
[Result "1-0"]
[BlackTitle "FM"]
[WhiteElo "2131"]
[BlackElo "2304"]
[WhiteFideId "847038"]
[BlackFideId "4193423"]
[EventDate "2025.07.01"]

1. d4 h5 2. c4 h4 3. Nc3 d6 4. e4 e5 5. dxe5 dxe5 6. Qxd8+ Kxd8 7. Nf3 f6 8. Be3
c6 9. O-O-O+ Kc7 10. h3 Be6 11. b3 Nd7 12. Kb2 g5 13. Be2 Ne7 14. a3 Ng6 15. b4
a5 16. b5 Nf4 17. Bxf4 gxf4 18. Nh2 Bc5 19. Bg4 Nf8 20. f3 Bxc4 21. a4 Bd4 22.
Kc2 Rg8 23. Rhe1 Rg7 24. Rd2 Be3 25. Rdd1 Bf2 26. Rh1 Bd4 27. Nf1 Ne6 28. Nd2
Bxc3 29. Nxc4 Rxg4 30. b6+ Kc8 31. hxg4 Bb4 32. Rxh4 Nd4+ 33. Rxd4 exd4 34. Rh8+
Kd7 35. Rxa8 1-0

[Event "Titled Tue 1st Jul Late"]
[Site "chess.com INT"]
[Date "2025.07.01"]
[Round "11"]
[White "Dambaev, Dashi"]
[Black "Tasic, Vladimir"]
[Result "1-0"]
[WhiteTitle "CM"]
[WhiteElo "2211"]
[BlackElo "2208"]
[WhiteFideId "55628494"]
[BlackFideId "919667"]
[EventDate "2025.07.01"]

1. e4 c5 2. Nf3 d6 3. d4 cxd4 4. Nxd4 Nf6 5. f3 Nc6 6. c4 Bd7 7. Nc3 a6 8. Be3
Rc8 9. Rc1 e6 10. Be2 Be7 11. O-O O-O 12. Qd2 Re8 13. Rfd1 Qc7 14. Bf1 Qb8 15.
Bf2 Ne5 16. b3 Red8 17. a4 Qc7 18. Qb2 Nc6 19. Nc2 Qb8 20. Bb6 Re8 21. Kh1 h6
22. b4 Ne5 23. Ne3 Nh5 24. Bd4 Nf4 25. Bxe5 dxe5 26. Rxd7 Qa7 27. c5 a5 28. Nb5
Qb8 29. g3 Ng6 30. Nd6 Bxd6 31. Rxd6 axb4 32. Qxb4 Qxd6 33. cxd6 Rxc1 34. Qxb7
Rd8 35. Qb6 Ra8 36. a5 Nf8 37. a6 Rc3 38. Qb7 Rd8 39. Nc4 Rc1 40. Kg2 Rc2+ 41.
Kh3 g5 42. a7 Ra2 43. Nb6 Rxd6 44. a8=Q Rxb6 45. Qxf8+ Kxf8 46. Qxb6 Kg7 47. Qc5
Rf2 48. Qxf2 1-0

[Event "Titled Tue 1st Jul Late"]
[Site "chess.com INT"]
[Date "2025.07.01"]
[Round "11"]
[White "Kharitonov, Sergei"]
[Black "Andrade, Ivan"]
[Result "0-1"]
[WhiteTitle "CM"]
[BlackTitle "FM"]
[WhiteElo "2014"]
[BlackElo "2144"]
[WhiteFideId "4129750"]
[BlackFideId "14800039"]
[EventDate "2025.07.01"]

1. e4 c5 2. Nf3 d6 3. d4 cxd4 4. Nxd4 Nf6 5. Nc3 a6 6. Rg1 h6 7. g4 e5 8. Nf5 g6
9. Ne3 Be6 10. Qf3 Nbd7 11. Bc4 Bxc4 12. Nxc4 Be7 13. h4 b5 14. Ne3 Nb6 15. g5
hxg5 16. hxg5 Nfd7 17. Ned5 Nxd5 18. Nxd5 Nb6 19. Be3 Nxd5 20. exd5 Qa5+ 21. Bd2
Qa4 22. b3 Qa3 23. Qc3 Qc5 24. Qxc5 dxc5 25. Bc3 Bd6 26. O-O-O Kd7 27. f4 Rae8
28. Rde1 Rh3 29. Bxe5 Bxe5 30. fxe5 Rf3 31. Re2 Rf5 32. e6+ fxe6 33. dxe6+ Rxe6
34. Rd1+ Ke7 0-1